<?xml version="1.0" encoding="UTF-8"?>
<marc:record xmlns:marc="http://www.loc.gov/MARC21/slim">
   <marc:leader>00000nam a2200000 a 4500</marc:leader>
   <marc:datafield ind1="1" ind2=" " tag="100">
      <marc:subfield code="a">Mertes, Raffaele</marc:subfield>
   </marc:datafield>
   <marc:datafield ind1="0" ind2="0" tag="245">
      <marc:subfield code="a">Judas</marc:subfield>
   </marc:datafield>
   <marc:datafield ind1=" " ind2="1" tag="264">
      <marc:subfield code="b">Kinowelt</marc:subfield>
      <marc:subfield code="c">2005</marc:subfield>
   </marc:datafield>
   <marc:datafield ind1="1" ind2=" " tag="490">
      <marc:subfield code="a">Die Bibel</marc:subfield>
      <marc:subfield code="v">3</marc:subfield>
   </marc:datafield>
   <marc:datafield ind1="1" ind2=" " tag="520">
      <marc:subfield code="a">Judas schließt sich zur Zeit der römischen Besatzung Palästinas der Gruppe um Jesus an, den er wie manch anderer für den Messias hält, der das Volk von den Römern befreien wird. Bei einem Aufenthalt in Jerusalem bringt Jesus die dortige religiöse Oberschicht wie auch die römische Verwaltung gegen sich auf. Judas verrät ihn an seine Gegner, zweifelnd wie hoffend, er werde sich, direkt mit ihnen konfrontiert, als Messias erweisen. Jesus stirbt am Kreuz, woraufhin Judas Selbstmord begeht.</marc:subfield>
   </marc:datafield>
   <marc:datafield ind1="0" ind2=" " tag="490">
      <marc:subfield code="v">0</marc:subfield>
   </marc:datafield>
   <marc:datafield ind1=" " ind2=" " tag="300">
      <marc:subfield code="a">91 min</marc:subfield>
   </marc:datafield>
</marc:record>
